000 00626nam a22002297a 4500
005 20260430135008.0
008 260430b |||||||| |||| 00| 0 eng d
020 _a978-93-80673-67-7
_cRs.580.00
040 _aLoreto College
041 _aEnglish
082 _a512
_bCHA
100 _aChakravorty,J.G.
245 _aAdvanced higher algebra
_cJ.G Chakravorty and P.R. Ghosh
250 _a14th ed.
260 _aKolkata
_bU.N.Dhur & Sons
_c2022
300 _aVarious pagination;21cm.
650 _aMathematics
650 _aAlgebra
700 _4Auth
_aGhosh,P.R
850 _aLCLIB
942 _cBK
999 _c44364
_d94843